[Event "Barranquilla Carnaval Cup"]
[Site "Barranquilla"]
[Date "2024.02.06"]
[Round "6"]
[White "Schettini Acuna, Massimo Matteo"]
[Black "Santamaria Mas, Vicens"]
[Result "0-1"]
[WhiteElo "1008"]
[BlackElo "1974"]
[PlyCount "92"]
[EventDate "2024.02.03"]
[EventType "swiss"]
[EventRounds "9"]
[EventCountry "COL"]
[SourceTitle "CB07_2024"]
[SourceDate "2024.02.14"]
[SourceVersion "1"]
[SourceVersionDate "2024.02.14"]
[SourceQuality "1"]

1. e4 d6 2. d4 Nf6 3. Nc3 g6 4. f3 a6 5. Be3 b5 6. Qd2 Nbd7 7. 0-0-0 Nb6 8. Kb1 b4 9. Nce2 Nc4 10. Qd3 Nxe3 11. Qxe3 Bg7 12. g4 c6 13. Ng3 Qa5 14. Bc4 Qb6 15. N1e2 a5 16. h4 h5 17. g5 Nd7 18. f4 Ba6 19. Bxa6 Rxa6 20. f5 c5 21. Rhf1 cxd4 22. Nxd4 Ne5 23. f6 exf6 24. gxf6 Bh6 25. Qb3 a4 26. Qd5 Ra5 27. Nb5 Rxb5 28. Qa8+ Qb8 29. Qxa4 0-0 30. Rxd6 Qxd6 31. Qxb5 Ng4 32. b3 Qxg3 33. Qxb4 Qg2 34. Qb5 Ne3 35. Rc1 Qxe4 36. Qa5 Bf4 37. a4 Ra8 38. Qc5 Rb8 39. Ka2 Nd5 40. Rb1 Nb4+ 41. Ka3 Nxc2+ 42. Kb2 Be5+ 43. Kc1 Nb4 44. Kd2 Bf4+ 45. Kc3 Qxb1 46. Kc4 Qd3# 0-1

[Event "Barranquilla Carnaval Cup"]
[Site "Barranquilla"]
[Date "2024.02.03"]
[Round "1"]
[White "Santamaria Mas, Vicens"]
[Black "Castro Herrera, Juan Sebastian"]
[Result "1-0"]
[WhiteElo "1974"]
[BlackElo "1105"]
[PlyCount "49"]
[EventDate "2024.02.03"]
[EventType "swiss"]
[EventRounds "9"]
[EventCountry "COL"]
[SourceTitle "CB07_2024"]
[SourceDate "2024.02.14"]
[SourceVersion "1"]
[SourceVersionDate "2024.02.14"]
[SourceQuality "1"]

1. e4 e5 2. Nc3 Nc6 3. g3 Nf6 4. Bg2 Bc5 5. Nge2 b6 6. d3 Bb7 7. 0-0 0-0 8. h3 Re8 9. Kh2 Ne7 10. f4 exf4 11. gxf4 d6 12. a3 a5 13. d4 Bxd4 14. Qxd4 c5 15. Qf2 Ng6 16. Ng3 h5 17. Re1 h4 18. Nf5 Nd7 19. Nxd6 Bc6 20. Nxe8 Qxe8 21. Be3 Rc8 22. Rad1 Ndf8 23. e5 Bd7 24. Ne4 Kh8 25. Nd6 1-0

[Event "Altea Cap Negret op 65+ 1st"]
[Site "Altea"]
[Date "2023.11.14"]
[Round "4"]
[White "Far Perez, Pedro Juan"]
[Black "Santamaria Mas, Vicens"]
[Result "0-1"]
[WhiteElo "1579"]
[BlackElo "1966"]
[PlyCount "80"]
[EventDate "2023.11.12"]
[EventType "swiss"]
[EventRounds "8"]
[EventCountry "ESP"]
[SourceTitle "CB49_2023"]
[SourceDate "2023.12.06"]
[SourceVersion "1"]
[SourceVersionDate "2023.12.06"]
[SourceQuality "1"]

1. e4 d6 2. Nf3 Nf6 3. Nc3 g6 4. d4 Bg7 5. Be2 a6 6. a4 0-0 7. 0-0 Nc6 8. d5 Nb4 9. Re1 e6 10. Bg5 h6 11. Bd2 exd5 12. Nb1 dxe4 13. Bxb4 exf3 14. Bxf3 Nd7 15. Bc3 Ne5 16. Be4 Rb8 17. Ra3 Bd7 18. f4 Bg4 19. Qc1 Nc4 20. Bxg7 Kxg7 21. Rg3 Qd7 22. b3 Nb6 23. h3 Bf5 24. Bxf5 Qxf5 25. Re7 Nd5 26. Re1 Rbe8 27. c4 Rxe1+ 28. Qxe1 Nf6 29. Nd2 Re8 30. Qf2 Nd7 31. Re3 Rxe3 32. Qxe3 Qc5 33. Kf2 f5 34. Nf3 Qxe3+ 35. Kxe3 Kf6 36. a5 Nb8 37. Nd4 c5 38. Nc2 Nc6 39. Kd3 Nxa5 40. b4 Nc6 0-1

[Event "Pereira Gildardo Garcia Memorial-A"]
[Site "Pereira"]
[Date "2022.05.21"]
[Round "8"]
[White "Santamaria Mas, Vicens"]
[Black "Loaiza Cuervo, Santiago"]
[Result "0-1"]
[WhiteElo "2035"]
[BlackElo "1952"]
[PlyCount "74"]
[EventDate "2022.05.18"]
[EventType "swiss"]
[EventRounds "10"]
[EventCountry "COL"]
[SourceTitle "CBM 208 Extra"]
[Source "ChessBase"]
[SourceDate "2022.07.31"]
[SourceVersion "1"]
[SourceVersionDate "2022.07.31"]
[SourceQuality "1"]

1. e4 c5 2. Nc3 d6 3. g3 g6 4. Bg2 Bg7 5. d3 Nc6 6. Be3 Nd4 7. Qd2 Rb8 8. Nd1 b5 9. c3 Nc6 10. Ne2 e6 11. 0-0 b4 12. f4 Nge7 13. g4 f5 14. h3 0-0 15. Ng3 bxc3 16. bxc3 Qa5 17. Rc1 Bd7 18. Bf2 Rb5 19. Ne3 Qa6 20. Ne2 Rfb8 21. Rc2 Rb1 22. Rfc1 Na5 23. Rxb1 Rxb1+ 24. Rc1 Qb6 25. Bh4 Nec6 26. Kh2 Qb2 27. Rc2 Qa1 28. gxf5 exf5 29. exf5 gxf5 30. Nc1 Rb8 31. Bd5+ Kh8 32. Ne2 Rb1 33. Ng3 Nd4 34. cxd4 Bxd4 35. Ngxf5 Bxf5 36. Nxf5 Rh1+ 37. Bxh1 Qg1# 0-1

[Event "Pereira Gildardo Garcia Memorial-A"]
[Site "Pereira"]
[Date "2022.05.21"]
[Round "7"]
[White "Valencia Gantiva, Cristian"]
[Black "Santamaria Mas, Vicens"]
[Result "1-0"]
[WhiteElo "1919"]
[BlackElo "2035"]
[PlyCount "67"]
[EventDate "2022.05.18"]
[EventType "swiss"]
[EventRounds "10"]
[EventCountry "COL"]
[SourceTitle "CBM 208 Extra"]
[Source "ChessBase"]
[SourceDate "2022.07.31"]
[SourceVersion "1"]
[SourceVersionDate "2022.07.31"]
[SourceQuality "1"]

1. e4 d6 2. d4 Nf6 3. f3 c5 4. c4 g6 5. Nc3 cxd4 6. Qxd4 Nc6 7. Qf2 Bg7 8. Be3 Qa5 9. Nge2 Nd7 10. Nd4 Nde5 11. Rc1 0-0 12. Qd2 a6 13. h3 Rd8 14. Be2 e6 15. 0-0 Qc7 16. f4 Nxd4 17. Bxd4 Nc6 18. Be3 b6 19. Nd5 exd5 20. cxd5 Bb7 21. dxc6 Bxc6 22. Qc2 Rdc8 23. Bg4 f5 24. exf5 Qe7 25. Qb3+ Kh8 26. f6 Bxf6 27. Bxc8 Rxc8 28. Qd3 Qb7 29. Bd4 Bg7 30. Bxg7+ Kxg7 31. Qxd6 Bb5 32. Rfe1 Rxc1 33. Rxc1 Qe4 34. Rc7+ 1-0

[Event "Pereira Gildardo Garcia Memorial-A"]
[Site "Pereira"]
[Date "2022.05.20"]
[Round "6"]
[White "Santamaria Mas, Vicens"]
[Black "Lopez Ramirez, Jorge Hernan"]
[Result "1-0"]
[WhiteElo "2035"]
[BlackElo "1895"]
[PlyCount "127"]
[EventDate "2022.05.18"]
[EventType "swiss"]
[EventRounds "10"]
[EventCountry "COL"]
[SourceTitle "CBM 208 Extra"]
[Source "ChessBase"]
[SourceDate "2022.07.31"]
[SourceVersion "1"]
[SourceVersionDate "2022.07.31"]
[SourceQuality "1"]

1. e4 e5 2. Nc3 Nf6 3. g3 Bc5 4. Bg2 0-0 5. Nge2 c6 6. 0-0 d5 7. exd5 cxd5 8. d4 exd4 9. Nxd4 Bg4 10. f3 Nc6 11. Be3 Bh5 12. Bf2 Ne4 13. Nxe4 dxe4 14. Nxc6 Qxd1 15. Raxd1 e3 16. Ne7+ Kh8 17. Bxe3 Bxe3+ 18. Kh1 Rfd8 19. Nd5 Bc5 20. b4 Bf8 21. c3 f5 22. Ne3 Bf7 23. f4 Bxa2 24. Bxb7 Rab8 25. Bd5 Bxd5+ 26. Rxd5 Rdc8 27. Rd3 g6 28. Kg2 Bg7 29. Nd5 Re8 30. Kf2 a5 31. Re1 Re4 32. Rxe4 fxe4 33. Rd1 axb4 34. cxb4 Bf8 35. Rd4 Rc8 36. Rxe4 Rc2+ 37. Re2 Rc4 38. Re8 Kg7 39. Rb8 Rd4 40. Rb7+ Kh6 41. Nf6 g5 42. f5 g4 43. b5 Bc5 44. Ke2 Rb4 45. Nxh7 Rb2+ 46. Kd3 Rxh2 47. f6 Rf2 48. Kc4 Rf5 49. Rd7 Ba3 50. b6 Rf1 51. b7 Rb1 52. f7 Kg6 53. f8Q Bxf8 54. Nxf8+ Kf5 55. Re7 Kf6 56. Rd7 Ke5 57. Rg7 Kf6 58. Rh7 Kf5 59. Kd4 Rb3 60. Rf7+ Kg5 61. Ne6+ Kg6 62. Rc7 Kf5 63. Nc5 Rb4+ 64. Kd5 1-0

[Event "Pereira Gildardo Garcia Memorial-A"]
[Site "Pereira"]
[Date "2022.05.18"]
[Round "1"]
[White "Santamaria Mas, Vicens"]
[Black "Marin, Sebastian"]
[Result "0-1"]
[WhiteElo "2035"]
[BlackElo "2315"]
[PlyCount "108"]
[EventDate "2022.05.18"]
[EventType "swiss"]
[EventRounds "10"]
[EventCountry "COL"]
[SourceTitle "CBM 208 Extra"]
[Source "ChessBase"]
[SourceDate "2022.07.31"]
[SourceVersion "1"]
[SourceVersionDate "2022.07.31"]
[SourceQuality "1"]

1. e4 e6 2. d3 c5 3. g3 Nc6 4. Bg2 g6 5. Nc3 Bg7 6. Be3 d6 7. Qd2 Nge7 8. Bh6 Bxh6 9. Qxh6 Nd4 10. 0-0-0 e5 11. Kb1 Be6 12. Nce2 Qa5 13. Nc1 b5 14. c3 Ndc6 15. Nge2 b4 16. c4 Qd8 17. Qg7 Kd7 18. f4 h5 19. Rhf1 Rg8 20. Qf6 Nc8 21. fxe5 dxe5 22. Nb3 Qxf6 23. Rxf6 Kd6 24. Rdf1 g5 25. Rh6 Rg6 26. Rxg6 fxg6 27. Rf6 N8e7 28. Kc2 a5 29. Kd2 Nd8 30. Ke3 a4 31. Nd2 a3 32. b3 Nf7 33. h3 Nh6 34. Nf1 g4 35. h4 Nhg8 36. Rf2 Nc6 37. Kd2 Nd4 38. Nxd4 cxd4 39. Ke2 Ke7 40. Nd2 Nf6 41. Bf1 Nh7 42. Ke1 Rg8 43. Ke2 Rc8 44. Ke1 Rb8 45. Ke2 Rd8 46. Ke1 Rh8 47. Ke2 g5 48. Rh2 gxh4 49. Rxh4 Nf8 50. Bg2 Ng6 51. Rh1 h4 52. Kf2 hxg3+ 53. Kxg3 Rxh1 54. Bxh1 Nf4 0-1

[Event "Uniagraria AlphaZero op 2nd"]
[Site "Uniagraria"]
[Date "2019.11.09"]
[Round "3"]
[White "Garcia Pantoja, Roberto"]
[Black "Santamaria Mas, Vicens"]
[Result "1-0"]
[WhiteElo "2526"]
[BlackElo "2060"]
[PlyCount "45"]
[EventDate "2019.11.08"]
[EventType "swiss"]
[EventRounds "7"]
[EventCountry "COL"]
[SourceTitle "CBM 193 Extra"]
[Source "ChessBase"]
[SourceDate "2020.01.31"]
[SourceVersion "1"]
[SourceVersionDate "2020.01.31"]
[SourceQuality "1"]

1. e4 d6 2. d4 Nf6 3. Nc3 g6 4. Be3 a6 5. f4 Bg7 6. Nf3 b5 7. a3 Bb7 8. Bd3 0-0 9. e5 Nd5 10. Nxd5 Bxd5 11. h4 Nd7 12. h5 c5 13. hxg6 hxg6 14. dxc5 Bxf3 15. Qxf3 dxe5 16. Qh3 Re8 17. Bxg6 Nf8 18. Bh7+ Nxh7 19. Qxh7+ Kf8 20. f5 Qd5 21. Rh4 e6 22. Rg4 Bf6 23. Qh6+ 1-0

[Event "Uniagraria AlphaZero op 2nd"]
[Site "Uniagraria"]
[Date "2019.11.09"]
[Round "2"]
[White "Reyes, Riscanevo"]
[Black "Santamaria Mas, Vicens"]
[Result "0-1"]
[WhiteElo "1769"]
[BlackElo "2060"]
[PlyCount "64"]
[EventDate "2019.11.08"]
[EventType "swiss"]
[EventRounds "7"]
[EventCountry "COL"]
[SourceTitle "CBM 193 Extra"]
[Source "ChessBase"]
[SourceDate "2020.01.31"]
[SourceVersion "1"]
[SourceVersionDate "2020.01.31"]
[SourceQuality "1"]

1. c4 e5 2. Nc3 d6 3. Nf3 g6 4. d4 Nd7 5. d5 Bg7 6. e4 Ngf6 7. b4 a5 8. Ba3 0-0 9. Be2 axb4 10. Bxb4 Nh5 11. g3 Nb8 12. a4 f5 13. Nd2 Nf6 14. 0-0 Na6 15. Ba3 b6 16. Bf3 Nd7 17. Bb2 Nac5 18. Qc2 Nf6 19. Bg2 Bd7 20. f3 h5 21. exf5 gxf5 22. Bh3 Nh7 23. Nb5 h4 24. g4 Ng5 25. Bg2 h3 26. Bh1 Na6 27. f4 Nh7 28. fxe5 dxe5 29. gxf5 Qg5+ 30. Kf2 Bxf5 31. Qc3 Bd3+ 32. Ke1 Qe3+ 0-1